[Event "Grenke Chess Classic 4th"]
[Site "Karlsruhe/Baden-Baden"]
[Date "2017.04.21"]
[Round "6"]
[White "Aronian, Levon"]
[Black "Hou, Yifan"]
[Result "1-0"]
[WhiteElo "2774"]
[BlackElo "2649"]
[Annotator "Mekhitarian,K"]
[PlyCount "83"]
[EventDate "2017.04.15"]
[EventType "tourn"]
[EventRounds "7"]
[EventCountry "GER"]
[EventCategory "20"]
[SourceTitle "CBM 178"]
[Source "ChessBase"]
[SourceDate "2017.05.14"]
[SourceVersion "1"]
[SourceVersionDate "2017.05.14"]
[SourceQuality "1"]

1. d4 Nf6 2. c4 e6 3. Nf3 d5 4. Nc3 Nbd7 {One of the many possible moves in
this position. It has a solid reputation and was used repeatedly last year by
Vishy Anand.} 5. Qc2 {White may play almost any move here, like Bf4, Bg5, cxd5,
e3, g3. Levon chooses a flexible Qc2, keeping all the possible developments
available.} ({For example} 5. cxd5 exd5 6. Bg5 (6. Bf4 $5 {also possible}) 6...
c6 7. e3 Be7 {transposes to a standard QGD} 8. Qc2 Nh5 {this idea, forcing the
exchange of the bishops, and preparing a further O-O-O for Black (after ...Nb6)
, has acquired a good reputation. It's playable in many similar positions} (
8... O-O 9. Bd3 Re8 10. h3 Nf8 11. g4 $5 a5 12. O-O-O $40 {1-0 (41) Yu,Y (2738)
-Wang,Y (2718) China 2016}) 9. Bxe7 Qxe7 10. O-O-O Nb6 11. Kb1 g6 12. Bd3 Be6 {
is the classical setup} (12... Bg4 $5 {Ivanchuk proves in every game why he's
known as one of the most creative players in the world} 13. Rc1 Bxf3 14. gxf3
Qh4 15. Ka1 f5 16. Rhg1 Nf6 17. f4 Kf7 18. Rg2 Rae8 $13 {0-1 (40) Buhmann,R 
(2633)-Ivanchuk,V (2722) Germany 2016}) 13. h3 O-O-O 14. Na4 Ng7 15. Rc1 Kb8
$13 {1/2-1/2 (78) Tomashevsky,E (2722)-Inarkiev,E (2686) Sochi 2016, with a
balanced position.}) 5... dxc4 $5 (5... c6 {was more solid, inviting White
once again to take on d5 and enter typical QGD positions.}) 6. e4 c5 7. Bxc4 a6
$146 (7... cxd4 {until now they were following a recent Giri-Anand game from
the Tal Memorial, in last October. White managed to keep a very small
advantage in that game, but it wasn't enough for much:} 8. Nxd4 Bc5 9. Nb3 Bb6
10. O-O (10. Bf4 $5 O-O 11. Rd1 {was another way to try something}) 10... O-O
11. Be2 Qc7 12. Bg5 Ne5 13. Bxf6 gxf6 14. Rac1 Rd8 15. Na4 Qxc2 16. Rxc2 Bd7
17. Nxb6 axb6 18. Rd1 Kf8 19. a3 {=/+/=, 1/2-1/2 (52) Giri,A (2755)-Anand,V 
(2776) Moscow 2016}) 8. d5 $1 Nb6 9. Be2 exd5 10. e5 $1 {A very energetic way
to try to punish Black's 7...a6.} Ne4 (10... Ng8 $5 {mentioned in the
post-mortem, was the critical move. It is very counter-intuitive, but Black
tries to keep his pawn up, hold his centre and doesn't concede an advantage to
White right away (as in the game, after 10...Ne4)} 11. a4 $1 Be6 (11... a5 $2
12. Nb5 $1 $16 {and Black has trouble developing his knight to e7 (because of
Nd6+)}) 12. Ng5 (12. a5 Nd7 13. O-O Ne7 $13) 12... Ne7 13. O-O Nc6 $13 {
White's position is attractive, but the outcome remains unclear, ...Nd4 is
coming}) 11. Nxe4 dxe4 12. Qxe4 $14 Qd5 (12... Be7 {standard development for
Black is not enough anymore, White has real pressure on the kingside} 13. O-O
O-O $2 14. Rd1 Qc7 15. Ng5 Bxg5 16. Bxg5 $16 {it will be hard to defend
against Bd3 (forcing g6, to weaken the dark squares).}) 13. Qf4 Be7 14. O-O O-O
15. Rd1 Qe6 16. Ng5 Qf5 17. Bf3 $5 {The bishop stands well in this diagonal
when Black has already moved the pawn to c5.} (17. Ne4 $5 {was another option}
Qxf4 18. Bxf4 Be6 19. Be3 $16 {followed by Rac1.}) 17... Qxf4 18. Bxf4 Nc4 $1 {
Hou finds a good way to defend actively - she will give away the bishop pair
to win a pawn.} 19. b3 Bxg5 20. Bxg5 Nxe5 21. Be4 $44 Re8 22. f3 h6 23. Bh4 c4
24. bxc4 $6 (24. Bg3 $1 {threatening Bxe5 and Rd8 with mate} Nd3 25. bxc4 Nc5
26. Bd5 Be6 {White keeps the advantage, but Black develops all his pieces at
least} 27. Rab1 $14) 24... Nxc4 25. Rac1 Be6 $6 (25... Ne3 $1 {as mentioned by
Aronian in the post-mortem, was a great chance for Black} 26. Rd2 (26. Re1 Nf5
27. Rxc8 {is not something Black should be scared of:} (27. Bf2 Nd6 $1 $15 {
Black solves the b7 problem and could even claim an advantage after ...Be6 or .
..Bf5}) 27... Raxc8 28. Bxf5 Rxe1+ 29. Bxe1 Rc1 30. Kf1 Ra1 31. Be4 {
threatening Bd5 to hold the a2-pawn} Rxa2 32. Bxb7 a5 $11 {which should be a
draw}) 26... f5 $1 {followed by ...Be6.}) 26. Bxb7 Ra7 27. Be4 $16 {With the
bishop pair in this open position, White is guaranteed a big advantage. Black
also has a problem on where to place his knight.} a5 28. Rd4 Ne5 29. Bg3 f6 30.
a3 {Threatening moves like Rc5.} Rd7 $2 {Makes it easier for White, but the
position was very unpleasant already.} (30... Bf7 31. Rc5 $16 {and most likely
the a5-pawn will fall.}) 31. Bxe5 $1 {This is one of the advantages of having
the bishop pair - normally you can choose the right time to give the pair away
in exchange for some other strategic advantage (in this case, the creation of
a serious weakness on e5).} fxe5 32. Rxd7 Bxd7 33. Rc7 Bb5 34. Rc5 Rb8 35. Rxe5
$18 {This should be hopeless, because Black's a-pawn is also problematic.} a4
36. h4 Kf7 37. Rc5 Be8 38. Bc2 Rb2 {in time trouble, Hou loses the a4-pawn,
but it doesn't make much of a difference.} (38... Ra8 {is needed to defend the
pawn, but it is too passive, and after slowly improving his king, White should
easily win the endgame.}) 39. Rc4 Ra2 40. Bxa4 Ra1+ 41. Kh2 Bxa4 42. Rxa4 {
Another great win by Levon Aronian, that guarantees him the title of the
Grenke Chess Classic 2017, since he goes into the last round 1.5 points ahead
of the 2nd place! He has scored two draws followed by an amazing sequence of
four wins to reach 1st!} 1-0

[Event "Metz op 31th"]
[Site "Metz"]
[Date "2013.04.21"]
[Round "3"]
[White "Manolache, Marius"]
[Black "Klek, Hanna Marie"]
[Result "1/2-1/2"]
[WhiteElo "2501"]
[BlackElo "2332"]
[Annotator "Metz Alekhine/Primel,D"]
[PlyCount "180"]
[EventDate "2013.04.20"]
[EventType "swiss"]
[EventRounds "9"]
[EventCountry "FRA"]
[SourceTitle "EXT 2016"]
[Source "ChessBase"]
[SourceDate "2015.10.08"]
[SourceVersion "1"]
[SourceVersionDate "2015.10.08"]
[SourceQuality "1"]
[TimeControl "40/5400:1800+30"]
[WhiteClock "1:30:00"]
[BlackClock "1:30:00"]

1. d4 d5 2. Nf3 Nf6 3. c4 e6 4. Nc3 Be7 5. e3 O-O 6. Ne5 $6 {[%cal Gf2f4]
Rarement joué aussi tôt} (6. Bd3 $142 c6 7. O-O (7. Qc2)) (6. b3 Nbd7 7. Bb2
b6 8. Bd3 Bb7 9. O-O c5 10. cxd5 Nxd5 11. Nxd5 Bxd5 12. Qe2 cxd4 13. Nxd4 Nc5
14. Bc4 Bf6 15. Rfd1 Qd7 16. Nf5 Bxb2 17. Qxb2 exf5 18. Rxd5 Qc8 19. Rc1 g6 20.
b4 Ne4 21. f3 Ng5 22. e4 Qe8 23. Qd2 Nxe4 24. fxe4 Qxe4 25. Rd4 Qe7 26. Re1 Qc7
27. Rh4 h5 28. Rd4 Rad8 29. Rd1 Rxd4 30. Qxd4 Qe7 31. a3 Rc8 32. h3 h4 33. Bd5
Qg5 34. Bxf7+ {1-0 (34) Radjabov,T (2713)-Wang,H (2735) Beijing 2013}) 6... c5
(6... c6 7. Bd3 Nbd7 8. f4) (6... b6 7. Be2 Bb7) 7. cxd5 exd5 8. Bd3 Nc6 9. O-O
h6 $146 (9... Qc7 10. Nxc6 bxc6 11. b3 Ng4 12. g3 Re8 13. Qc2 h6 14. Ne2 cxd4
15. exd4 Nf6 16. Bf4 Qd7 17. Rac1 Qh3 18. f3 Ba3 19. Rce1 Qd7 20. Be5 Be7 21.
g4 a5 22. Ng3 Ba6 23. Bxa6 Rxa6 24. Nf5 Bb4 25. Bxf6 Rxe1 26. Rxe1 Bxe1 27.
Bxg7 Qe6 28. Bxh6 Bb4 29. Bf4 Ra8 30. Be5 Bf8 31. Ng3 Qg6 32. Qc1 Bh6 33. Qd1
Bg7 34. Nf5 Bf8 35. h4 Qe6 36. h5 f6 37. Bf4 Re8 38. Be3 Bd6 39. Kg2 {Georgiev,
V (2535)-Goletiani,R (2371) Schaumburg 2006 1-0}) 10. Nxc6 bxc6 11. b3 {
L'ouverture des Blancs n'est pas trés ambitieuse mais le GMI a probablement
voulu sortir rapidement de la théorie sa jeune adversaire qui est souvent
bien préparée.} Nd7 $5 {[%cal Ge7f6]} (11... a5 12. Bb2 Ba6 {[%csl Rb2]}) (
11... Be6 12. Bb2 c4 $1 {[%cal Ga8b8]} 13. Bc2 Rb8 $132) 12. Ne2 Re8 (12... Qb6
$1 {Profitant du fait que le Ne2 ne menace plus un coup intermédiaire Na4} 13.
Qc2 Ba6 $11 {[%csl Rc1]}) 13. Qc2 Qb6 14. Bb2 cxd4 (14... Rb8 $5 {[%cal Gc5c4]}
) 15. Bxd4 c5 $1 {Profitant du gain de temps pour mettre les P pendants sur
les cases optimales} 16. Bc3 Bb7 $11 17. Rfd1 Bf6 18. Bf5 Nf8 19. Bxf6 Qxf6 20.
Ng3 {[%cal Gg3h5,Gh5f6,Gh5g7,Gg3f5]} Re5 21. Bh3 Bc8 $1 {Rentre dans une
préfinale égale} 22. Bxc8 Rxc8 23. Rac1 h5 $1 {[%csl Rg3]} 24. h3 h4 25. Nf1
{[%cal Gf1d2,Gd2f3]} Qe6 (25... Ne6 $5 {[%cal Ge6c5,Ge6g5,Gg5f3]} 26. Nd2 Rg5
27. Qd3 (27. Nf3 Qxf3) 27... Rd8) 26. Nd2 Nd7 27. Nf3 Rh5 28. Rd4 $1 Ne5 29.
Nxe5 (29. Nxh4 g6 30. Rf4 g5 31. Qf5 $13) 29... Qxe5 {Sans pièces légéres,
la finale sera difficile à gagner pour le GMI} 30. Qd1 g6 31. Rf4 Rc7 32. Qd2
Qe7 33. Qa5 Re5 (33... Kg7) 34. Rxh4 Rd7 35. Qc3 d4 $1 36. exd4 Red5 37. g3
cxd4 38. Qd3 Rc5 39. Rc4 Qe1+ 40. Kg2 Rf5 41. Rc2 Qe5 42. Re4 Qf6 43. b4 $1 {
[%csl Gb4]} Kg7 44. b5 Qb6 45. a4 Rc5 46. Ree2 Qb7+ 47. Kg1 (47. Kh2) 47... Rh5
48. h4 Qd5 (48... g5 $2 49. Rc6 $1) 49. f4 Qd6 50. Rc6 $1 Qb4 51. Rc4 Qd6 52.
Re4 $36 {[%csl Rd4] Les Blancs ont progressé en mobilisant l'aile-dame et en
faisant le siège de la faiblesse "d4" mais il sera difficile d'échanger une
R et une Q pour avoir une finale gagnante} Rd5 53. Kg2 Qf6 54. Re2 $1 {[%cal
Ge2d2]} (54. Rc6 $143 Qf5 $1 {[%cal Gf5d3]}) 54... Qd6 55. Rd2 Qf6 56. Rc6 Qe7
57. Kf3 Qb4 (57... Qe1) 58. Rc4 Qe7 59. Re2 Qf6 60. Rc8 Rd8 61. Rc7 (61. Rxd8
Qxd8 62. Rc2 Qe7 63. Rc6) 61... R8d7 62. Rc8 Rd8 63. Rc6 R8d6 64. Rec2 Qe7 65.
a5 Qe1 $1 $132 {[%csl Ra5,Rf3][%cal Ge1a5,Ge1h1]} 66. a6 {[%csl Ra7][%cal
Gc6c7] La majorité perd sa mobilité mais les Blancs ont crée une faiblesse
"a7" et ils menacent maintenant Rc7 avec pression} (66. Rxd6 Rxd6 67. Rc7 (67.
a6 Qh1+ 68. Kg4 Kh6 {[%cal Gf7f5]} 69. f5) 67... Qxa5 68. Qc4 Rf6 69. Rd7 Qe1
70. Qxd4 {[%csl Rf6]}) 66... Qh1+ 67. Kf2 Qh2+ 68. Kf1 Qh1+ 69. Kf2 Qh2+ 70.
Kf3 Qh1+ 71. Rg2 Rd7 72. Qd2 Qf1+ 73. Rf2 Qxb5 {Retour de baton pour les
Blancs qui ont voulu forcer le gain} 74. Qc2 Re7 75. Kg2 Re3 76. Rc7 Rd7 77.
Rxd7 Qxd7 78. Qc5 Rc3 79. Qe5+ f6 80. Qe1 Qc6+ 81. Kh2 Rc1 82. Qe7+ Kg8 83. Rg2
Rc2 84. Rxc2 Qxc2+ 85. Kh3 Qc8+ 86. Kh2 Qxa6 87. f5 $1 gxf5 88. Qe8+ Kg7 89.
Qe7+ Kg8 90. Qe8+ Kg7 1/2-1/2

[Event "Metz op 31th"]
[Site "Metz"]
[Date "2013.07.24"]
[Round "7"]
[White "Shchekachev, Andrei"]
[Black "Sanikidze, Tornike"]
[Result "1/2-1/2"]
[WhiteElo "2520"]
[BlackElo "2559"]
[Annotator "Metz Alekhine/Primel,D"]
[PlyCount "141"]
[EventDate "2013.04.20"]
[EventType "swiss"]
[EventRounds "9"]
[EventCountry "FRA"]
[SourceTitle "EXT 2016"]
[Source "ChessBase"]
[SourceDate "2015.10.08"]
[SourceVersion "1"]
[SourceVersionDate "2015.10.08"]
[SourceQuality "1"]
[TimeControl "40/5400:1800+30"]
[WhiteClock "1:30:00"]
[BlackClock "1:30:00"]

1. Nf3 Nf6 2. c4 e6 3. Nc3 d5 4. d4 Be7 5. Bf4 c5 (5... O-O 6. a3 (6. e3 b6 (
6... Nbd7 7. Be2 dxc4 8. O-O c5 (8... Nb6 9. e4 c5 10. dxc5 Bxc5) 9. dxc5 Nxc5
10. Bxc4 a6 11. Ne5 Ncd7 12. Be2 Nxe5 13. Qxd8 Rxd8 14. Bxe5 $14 {Wojtaszek,R 
(2706)-Mista,A (2587) POL-ch Warsaw 2012 (2) 1-0}) 7. cxd5 Nxd5 8. Nxd5 Qxd5 9.
Bd3 Qa5+ $1 10. Ke2 Ba6 11. a3 c5 $11) 6... b6 7. e3 c5 (7... Bb7) 8. Qc2 cxd4
9. Nxd4 Bb7 10. Rd1 Nbd7 {Andreikin,D (2716)-Kramnik,V (2784) FIDE World Cup
2013 (7.2) 1/2} (10... Qc8 11. Ndb5 Nbd7 12. Bd6 {Paunovic})) 6. dxc5 Bxc5 7.
e3 Nc6 8. a3 {[%cal Gb2b4]} (8. Qc2) 8... O-O 9. Qc2 (9. Be2 dxc4 {Les Blancs
veulent éviter cette perte de temps et il vont jouer une série de coups
souples dans ce but}) (9. Rc1) 9... Qa5 10. Rd1 (10. O-O-O $5 {[%cal Gb2b4]}
Be7 11. g4 $13) (10. Nd2 Be7 11. Bg3 (11. Rd1)) 10... Be7 11. Be2 (11. Nd2)
11... Ne4 (11... dxc4 {La partie de référence} 12. Bxc4 Nh5 {Kramnik,V (2759)
-Carlsen,M (2772) Dortmund SuperGM 2009 (8) 1-0} (12... e5)) 12. cxd5 Nxc3 {
[%csl Ra3]} 13. bxc3 (13. Qxc3) 13... exd5 14. O-O Be6 {[%csl Ra3]} (14... Qxa3
$143 15. Rxd5) (14... Bf6) 15. Rb1 (15. a4 {Il y a davantage de parties avec
ce coup a4} Bf6 {Mamedyarov,S (2646)-Graf,A (2605) ESP-chT Honor Gp2 49th 2005
(4) 1/2-1/2}) 15... Qxa3 16. Ra1 $146 (16. Rxb7 Rfc8 {Miles,A (2610)-Van der
Sterren,P (2475) Hoogovens Wijk aan Zee 1984 (7) 1/2-1/2}) 16... Qc5 17. Rfb1
$44 {[%csl Rb7]} Nd8 18. Be5 {[%cal Ge5g7,Ge5d4,Ge5c3]} Qc8 {La position Noire
est solide mais un peu passive} 19. Bd3 {[%cal Gd3h7,Ge5g7]} g6 20. Nd4 Nc6 $1
21. Nxc6 Qxc6 (21... bxc6 22. c4 dxc4 23. Bxc4 Bd5) 22. Qb3 b6 23. Bb5 Qc5 24.
Qa4 Bd6 25. Bf6 $1 {[%cal Gh2h4,Gh4h5,Ga4h4]} Qc7 $1 {[%cal Gd6e5] Le Bf6
devient trop actif et il vaut mieux l'échanger} 26. h3 (26. h4 Be5) 26... Bh2+
{Un coup intermédiaire pour placer le K sur une case moins bonne} 27. Kh1 Be5
28. Bxe5 Qxe5 29. Ba6 {[%csl Gc8]} Bc8 30. Qd4 $1 Qf5 (30... Qxd4 31. cxd4 Bxa6
32. Rxa6 {[%csl Ra7,Ra8]} Rfc8 33. Rb5 $132 {[%cal Gh1h2,Gh2g3,Gg3f4,Gf4e5]})
31. Rb2 Bxa6 32. Rxa6 Rfc8 {[%cal Gc8c4]} 33. Ra4 Rc6 34. Kg1 Qe6 35. Ra6 Rc4
36. Qd2 Qc6 37. Rb3 {[%cal Gb3c3,Gb3a3] Malgré un P de plus, il n'est pas
facile pour les Noirs de progresser dans cette finale de pièces lourdes} h5 $1
{Un coup qui a été utile dans la finale de R intervenue dans la partie.} 38.
Rba3 Qb7 39. Qa2 Kg7 40. Rxa7 Rxa7 41. Rxa7 Qc6 42. Qb2 Rxc3 {[%cal Gb2g7]
Gagne un P mais le clouage est assez pénible} 43. Ra6 Qc7 44. g3 d4 $1 45.
Qxb6 (45. exd4 Rc1+ 46. Kh2 Rc2) 45... Qxb6 46. Rxb6 dxe3 47. fxe3 Rxe3 48. Kf2
{La finale de R avec 03 P contre 2 sur la même aile est très difficile à
gagner mais les Noirs ne risquent rien à tenter leur chance} Re6 49. Rb5 Kf6
50. h4 $1 {Très souvent le meilleur moyen dans ce genre de structure de
limiter les chances de gain de la majorité adverse.} Re5 51. Rb7 Ke6 52. Kf3
Ra5 53. Rb6+ Kf5 54. Rb4 (54. Rb7 Ra3+ 55. Kg2 f6 56. Rb5+) 54... Ra3+ 55. Kf2
f6 56. Rf4+ Ke5 57. Rb4 Rd3 58. Ra4 Rd4 59. Ra6 Kf5 60. Kf3 (60. Ra5+ $2 Kg4 {
[%cal Gd4d2]}) 60... Rd3+ 61. Kf2 {La feuille du géorgien mentionne un = mais
pas celle du français et j'ignore s'il s'agit réellement d'une proposition
de nulle.} g5 62. hxg5 {Illustrant l'intérêt d'avoir joué h4 car les
échanges favorisent les chances d'annuler} fxg5 {[%cal Gf5g4]} 63. Ra4 Rb3 64.
Rc4 Rb2+ 65. Kf3 g4+ {Gagne un tempo pour fixer la faiblesse "g3" mais en
contrepartie, la majorité commence à manquer de souplesse.} 66. Ke3 Rb3+ 67.
Kf2 Kg5 68. Ra4 (68. Rc5+) 68... Rb2+ 69. Ke3 Rb3+ 70. Kf2 Rf3+ {Evite la
répétition de coups mais la R Noire est trop proche du K Blanc pour avoir
des menaces réelles.} 71. Kg2 1/2-1/2

[Event "Metz op 30th"]
[Site "Metz"]
[Date "2012.04.23"]
[Round "2"]
[White "Manolache, Marius"]
[Black "Vaibhav, Suri"]
[Result "1-0"]
[WhiteElo "2561"]
[BlackElo "2494"]
[Annotator "Metz Alekhine/Primel,D"]
[PlyCount "49"]
[EventDate "2012.04.14"]
[EventType "swiss"]
[EventRounds "9"]
[EventCountry "FRA"]
[SourceTitle "EXT 2013"]
[Source "ChessBase"]
[SourceDate "2012.11.22"]
[SourceVersion "1"]
[SourceVersionDate "2012.11.22"]
[SourceQuality "1"]

1. d4 Nf6 {01h30} 2. Nf3 d5 3. c4 e6 4. Nc3 Be7 5. Bf4 O-O 6. Qc2 c5 7. dxc5
Na6 8. e3 Nxc5 9. Be2 dxc4 10. Bxc4 {81} a6 {80} 11. Rd1 (11. a4 Bd7 12. O-O
Bc6 13. Rfd1 Qa5 14. Nd4 Rfc8 15. Nxc6 Rxc6 16. h3 Rac8 17. Bb5 Rb6 18. Be2
Nce4 19. Bf3 Nxc3 20. bxc3 g5 21. Bg3 Rxc3 22. Qd2 Rbb3 23. Rac1 b6 24. Rxc3
Qxc3 25. Qxc3 Rxc3 26. Be5 Rc4 27. Rd4 Rc5 28. Bxf6 Bxf6 29. Rd7 Kf8 30. Ra7 a5
31. Bh5 Be7 32. Ra8+ Kg7 33. Ra7 Kf6 34. g3 Rc4 35. Rb7 Rxa4 36. Rxb6 Rc4 37.
Ra6 a4 38. Kg2 a3 39. Be2 Rc3 40. Bf3 Bc5 {Le Quang,L (2705)-Short,N (2690)
Caleta 2013 0-1 (67)}) 11... Qa5 12. Rd4 Ncd7 $146 (12... b5 13. b4 Qxb4 14.
Bxb5 Qa5 15. Bc6 Bb7 16. Ne5 Qb6 17. Bxb7 Qxb7 18. O-O Rac8 19. Rb1 Qa7 20. Qd1
Rfe8 21. h3 Bf8 22. Qf3 Qa8 23. Qxa8 Rxa8 24. g4 Red8 25. Rbd1 Rxd4 26. Rxd4
Rc8 27. Rc4 Rd8 28. e4 Nd3 29. Nxd3 Rxd3 30. Rc8 Nd7 31. Be3 f5 32. exf5 exf5
33. gxf5 Kf7 34. Ne4 h6 35. Rc7 Ke8 36. Rc8+ Kf7 37. Rc7 Ke8 38. Kg2 Ra3 39.
Rc8+ Kf7 40. Rc7 Ke8 41. f6 gxf6 42. Nxf6+ {Manolache,M (2545)-Papp,G (2552)
Baia Sprie 2012 1-0 (68)}) 13. Bd3 (13. O-O e5 14. Nd5 exd4 15. Nxe7+ Kh8 16.
exd4 $13) 13... Nc5 (13... e5 14. Ra4 Qc7 15. Bg3 b5 $1 16. Bxb5 axb5 17. Rxa8
b4 18. O-O Qb7 $132) 14. Ne5 $1 {Joué après 20 mns de réflexion mais
l'alternative Bh7 ne donnait rien.} (14. Bxh7+ Nxh7 15. b4) 14... Nxd3+ 15.
Qxd3 {45} Nd5 $6 {32} (15... Rd8 16. Nc4) 16. O-O Nxf4 $6 (16... Nxc3 $142 {
Un moindre mal} 17. Nc4 Qf5 18. Qxc3 Bf6 (18... b5 19. Nb6)) 17. exf4 Rd8 $6 (
17... Bf6 $142 {[%cal Gb7b5]} 18. Rd1 Qc7 {[%cal Gf6e5]}) 18. Rd1 $1 $32 {
[%csl Ra8,Rc8,Ge5]} Re8 (18... Rxd4 19. Qxd4 Qc7) 19. Ne4 $36 {Les pièces
Blanches sont maintenant trés actives et il est difficile pour les Noirs de
terminer le développement de l'aile-dame} Qxa2 (19... Rf8 20. Ng5 Bxg5 21. Nc4
Qxa2 22. fxg5 b5 23. Rh4 g6 24. Nd6 Qxb2 25. Ne4 $18 {[%cal Ge4f6]}) 20. Ng5 {
20} f5 $2 {13} (20... Bxg5) 21. Qh3 Bxg5 22. Qh5 $1 Rf8 23. Qxg5 h6 24. Qe7 Qa5
25. Nd7 1-0

[Event "BEL-ch"]
[Site "Geel"]
[Date "1996.??.??"]
[Round "?"]
[White "Mohandesi, Shahin"]
[Black "Dutreeuw, Marc"]
[Result "0-1"]
[WhiteElo "2355"]
[BlackElo "2390"]
[Annotator "Meulders,R"]
[PlyCount "154"]
[EventDate "1996.??.??"]
[EventType "tourn"]
[EventRounds "9"]
[EventCountry "BEL"]
[EventCategory "3"]
[SourceTitle "CBM 054"]
[Source "ChessBase"]
[SourceDate "1996.10.01"]
[SourceVersion "1"]
[SourceVersionDate "1996.10.01"]
[SourceQuality "1"]

1. d4 d5 2. c4 e6 3. Nc3 Be7 4. Nf3 Nf6 5. Bf4 O-O 6. e3 c5 7. dxc5 Bxc5 8. Qc2
Nc6 9. a3 d4 $6 10. O-O-O e5 11. Nxe5 $1 $18 Qe8 12. Na4 Nxe5 13. Nxc5 dxe3 14.
Bxe3 Qc6 15. h3 Re8 16. Nb3 Bd7 17. Nd4 Qc7 18. Kb1 Rac8 19. Rc1 Qb8 20. Be2
Nd5 $5 21. Qd2 Nxe3 22. fxe3 Rc5 23. Rhf1 Qc7 24. b3 a6 25. Kb2 Qd6 26. Bf3 Bf5
$1 27. Rc3 $14 Bg6 (27... Nxf3 $1) 28. Rd1 Qe7 29. a4 Rd8 (29... Nxf3) 30. Bd5
$16 h6 31. e4 Rc7 32. Qf4 Kh8 33. g4 Rb8 34. h4 Re8 35. h5 Bh7 36. Rg1 Qg5 37.
Qxg5 hxg5 38. Nf3 f6 39. Nxe5 Rxe5 40. Re3 Rce7 41. Rge1 b6 42. a5 $1 bxa5 43.
Kc3 f5 44. gxf5 Bxf5 45. Ra1 Bc8 (45... Bxe4 $2 46. Rae1 $18) 46. Rxa5 g4 47.
Rc5 Re8 48. Bf7 $1 Rxc5 49. Bxe8 Kh7 50. e5 $2 {[#]Weiss hatte bisher seinen
Vorteil ziemlich gut festgehalten. Nach dem Mittelspiel haben die Goetter aber
leider (oder gluecklicherweise ) das Endspiel gesetzt. Dutreeuw fuehlt sich
jetzt in seinem Element, indessen Mohandesi die Fruechte seiner Arbeit nicht
ernten kann.} (50. Kd4 $1 Rc7 (50... Rg5 51. Rg3 a5 52. Bg6+ Kh6 53. Bf5 Bxf5
54. exf5 Kxh5 55. Ke4 Kh4 56. Rg1 g3 57. c5 g6 58. fxg6 Rxc5 (58... Rxg6 59.
Kd5 g2 60. c6 Kg3 61. c7 Rg8 62. Kc6 Kf2 63. Rxg2+ Kxg2 64. Kb7 Kf3 65. c8=Q
Rxc8 66. Kxc8 Ke4 67. Kb7 Kd4 68. Ka6 Kc3 69. Kxa5 Kxb3 $10) 59. Kf4 Kh5 60.
Rxg3 Rc8 61. g7 Rg8 62. Ke5 Kh6 63. Kd5 Rxg7 64. Rxg7 Kxg7 65. Kc5 Kf7 66. Kb5
Ke7 67. Kxa5 Kd7 68. Kb6 Kc8 69. Ka7 Kc7 70. b4 Kc6 71. Ka6 Kc7 72. b5 Kb8 73.
Kb6 $18) 51. b4 Re7 52. Bg6+ Kh6 53. b5 axb5 54. cxb5 Rb7 55. Kc5 Rc7+ 56. Kb4
Rb7 57. e5 Be6 58. Be4 Rb8 59. Kc5 Kxh5 60. b6 Bd7 61. Bd5 Kh4 62. e6 Be8 63.
b7 g3 64. Kb6 Rd8 65. Kc7 $18) 50... Be6 51. Kd4 Rc8 52. Bg6+ Kh6 53. Ke4 $2 (
53. Rc3) 53... Kg5 54. Re1 Rf8 55. Kd4 {Es ist klar dass Weiss ohne Plan
spielt.} Rb8 56. Kc5 $4 (56. Kc3 $1 a5 57. Be4 g3 58. Bd5 Bd7 59. e6 Be8 60. c5
{ist noch immer sehr gut; jetzt geht es schnell bergab mit Weiss.}) 56... Rxb3
57. Kd6 Bxc4 58. Rc1 Bb5 59. e6 g3 60. e7 Re3 61. Bf7 Kf6 $1 62. Bc4 Bxc4 63.
Rxc4 Rd3+ 64. Kc5 Kxe7 65. Rg4 Kf7 66. Kb4 Rf3 67. Rg5 Re3 68. Kc4 Kf6 69. Rg6+
Kf5 $1 70. Rxg7 Kf4 71. h6 Re6 72. h7 Rh6 73. Kd3 Kf3 74. Rf7+ Kg2 75. Ke2 Kh1
76. Rg7 g2 77. Kf2 {[#] Also kommt Weiss doch noch rechtzeitig?} Rh2 $1 {
78.h8D g1D mit Doppelschach.} 0-1